[Event "AUTO-MASTER-3257"]
[Site "http://www.queenalice.com/game.php?id=1863842"]
[Date "2025.10.6"]
[Round "2"]
[White "JailtonMaster"]
[Black "Jovanina1"]
[Result "0-1"]
[WhiteElo "2182"]
[BlackElo "2204"]

1. d4 g6 2. c4 Bg7 3. Nf3 d6 4. Nc3 Bg4 5. e3 Nf6 6. h3 Bf5 7. Bd3 Bd7 8. O-O
Qc8 9. Kh2 Nc6 10. a3 a6 11. Qc2 Nd8 12. b4 Ne6 13. Bb2 h6 14. e4 Ng5 15. Qe2
Bxh3 16. e5 Nh5 17. g3 Bxf1 18. Rxf1 Qh3+ 19. Kg1 Nf4 20. gxf4 Nxf3+ 0-1

[Event "AUTO-MASTER-3257"]
[Site "http://www.queenalice.com/game.php?id=1863843"]
[Date "2025.10.6"]
[Round "2"]
[White "Jovanina1"]
[Black "JailtonMaster"]
[Result "1-0"]
[WhiteElo "2230"]
[BlackElo "2256"]

1. e4 e5 2. Ne2 Nc6 3. f4 d6 4. d4 exf4 5. Bxf4 Nf6 6. Nbc3 Be7 7. e5 dxe5 8.
Bg3 exd4 9. Nb5 Nd5 10. Nexd4 Bb4+ 11. c3 Qe7+ 12. Qe2 Qxe2+ 13. Bxe2 Nxd4 14.
Nxd4 Nxc3 15. a3 Nxe2+ 16. Kxe2 Bg4+ 17. Nf3 Ba5 18. Rhd1 O-O 19. Rd4 Rfe8+ 20.
Kf1 Re7 21. Rxg4 Rae8 22. b4 1-0

[Event "AUTO-MASTER-3257"]
[Site "http://www.queenalice.com/game.php?id=1863848"]
[Date "2025.10.6"]
[Round "2"]
[White "alvm"]
[Black "Jovanina1"]
[Result "0-1"]
[WhiteElo "2174"]
[BlackElo "2209"]

1. d4 g6 2. e4 Bg7 3. c4 d6 4. Nc3 e5 5. Nf3 Bg4 6. Be2 Bxf3 7. Bxf3 exd4 8. Nb5
Nc6 9. O-O a6 10. Na3 Nge7 11. Nc2 h6 12. Re1 Bf6 13. Bf4 h5 14. Qd2 Qd7 15. b4
d3 16. Qxd3 Bxa1 17. Rxa1 Ne5 18. Qc3 Nxf3+ 19. Qxf3 Qg4 20. Qxg4 hxg4 21. Ne3
f5 22. exf5 gxf5 23. Re1 Kf7 24. Nc2 Ng6 25. Bd2 Rhe8 26. Kf1 Rxe1+ 27. Kxe1
Re8+ 28. Kd1 c5 29. bxc5 dxc5 30. Ne3 Ne7 31. Ke2 b6 32. g3 Kg6 33. Kd3 Rd8+ 34.
Kc3 b5 35. cxb5 axb5 36. a3 Nd5+ 37. Kb3 Nxe3 38. Bxe3 Rd3+ 39. Kb2 c4 40. Bc5
Kf6 41. Be3 Ke5 42. Bc5 Ke4 43. Bb6 Kf3 44. Bc5 Kg2 0-1

[Event "AUTO-MASTER-3257"]
[Site "http://www.queenalice.com/game.php?id=1863849"]
[Date "2025.10.6"]
[Round "2"]
[White "Jovanina1"]
[Black "alvm"]
[Result "0-1"]
[WhiteElo "2221"]
[BlackElo "2154"]

1. e4 c6 2. Ne2 d5 3. exd5 cxd5 4. d4 Nc6 5. Nbc3 Nf6 6. Bg5 Bf5 7. Ng3 Bg6 8.
Bb5 h6 9. Bxf6 gxf6 10. Rc1 e6 11. a3 Bd6 12. Qf3 O-O 13. Bxc6 bxc6 14. O-O Rb8
15. b4 a5 16. Na2 axb4 17. axb4 Bxb4 18. Nxb4 Rxb4 19. c3 Rb2 20. Nh5 Bxh5 21.
Qxh5 Kh7 22. Rce1 f5 23. Re3 Qf6 24. Rg3 Rg8 25. Rxg8 Kxg8 26. Ra1 Rc2 27. Qh3
Qg5 28. Rf1 Kg7 29. Qd3 Qd2 30. Qg3+ Qg5 31. Qe5+ Kg6 32. g3 Rxc3 33. h4 Qg4 34.
Qh8 Kh5 35. Qf6 Qg6 36. Qe5 Rf3 37. Qe2 Qg4 38. Qe5 Kg6 39. Ra1 Rd3 40. Qh8 Qxd4
41. Qg8+ Kh5 42. Rf1 Qf6 43. Rc1 f4 44. g4+ Kxh4 45. Kg2 f3+ 46. Kh1 Qf4 47. Rg1
Kh3 48. Rg3+ Qxg3 0-1

[Event "AUTO-OPEN-4633"]
[Site "http://www.queenalice.com/game.php?id=1867763"]
[Date "2026.1.9"]
[Round "1"]
[White "mvson33"]
[Black "Jovanina1"]
[Result "0-1"]
[WhiteElo "1915"]
[BlackElo "2215"]

1. d4 f5 2. e3 e6 3. Nf3 h6 4. Be2 d6 5. O-O Nf6 6. Nc3 a6 7. Bd2 Bd7 8. Nh4 Kf7
9. Nf3 Nc6 10. Nh4 g5 11. Nf3 Bg7 12. Rc1 Ne4 13. Ne1 Nxd2 14. Qxd2 Be8 15. Nf3
Ne7 16. Rcd1 Ng6 17. h3 Bf6 18. d5 e5 19. Qc1 Bd7 20. Nd2 h5 21. Nb3 b6 22. Bf3
g4 23. hxg4 hxg4 24. Be2 Qg8 25. f3 g3 0-1

[Event "AUTO-OPEN-4633"]
[Site "http://www.queenalice.com/game.php?id=1867764"]
[Date "2026.1.9"]
[Round "1"]
[White "Jovanina1"]
[Black "mvson33"]
[Result "1/2-1/2"]
[WhiteElo "2218"]
[BlackElo "1911"]

1. f3 e5 2. g3 Bc5 3. Nh3 Nf6 4. e3 O-O 5. Bg2 d6 6. Nf2 Nc6 7. a3 Bd7 8. b4 Bb6
9. Nc3 Qe7 10. O-O a6 11. Bb2 Be6 12. Nce4 Nxe4 13. Nxe4 f5 14. Nf2 Rf7 15. Re1
Raf8 16. f4 exf4 17. exf4 Qd8 18. Rxe6 Qd7 19. Re1 Ba7 20. Kf1 Re8 21. Rxe8+
Qxe8 22. Nd3 Re7 23. Qf3 Qd7 24. Re1 Rxe1+ 25. Nxe1 Qe7 26. Qd3 g6 27. Bxc6 bxc6
28. Qc4+ Kf8 29. Qxc6 Bb6 30. Qa8+ Kf7 31. Qxa6 Qe4 32. Nd3 Qf3+ 33. Ke1 Qe4+
34. Kf1 Qf3+ 35. Ke1 Qe4+ 36. Kd1 Qf3+ 37. Ke1 1/2-1/2

[Event "AUTO-OPEN-4633"]
[Site "http://www.queenalice.com/game.php?id=1867788"]
[Date "2026.1.9"]
[Round "1"]
[White "jogo"]
[Black "Jovanina1"]
[Result "0-1"]
[WhiteElo "1329"]
[BlackElo "2195"]

1. e4 e6 2. d4 c5 3. c3 Qb6 4. Nf3 Nc6 5. d5 Nd8 6. Nbd2 exd5 7. exd5 d6 8. a4
a6 9. a5 Qc7 10. Bd3 h6 11. h3 Nf6 12. c4 g6 13. O-O Be7 14. Re1 Kf8 15. Ne4
Nxe4 16. Bxe4 Bf6 17. Qc2 Kg7 18. b3 b6 19. Bb2 Bxb2 20. Qxb2+ Kh7 21. Qf6 Ra7
22. Nh4 Rg8 23. axb6 Qxb6 24. Re3 Qc7 25. Rg3 Qe7 26. Qxe7 Rxe7 27. Re1 Re5 28.
f4 Ree8 29. Rge3 f5 30. Nxf5 Rxe4 31. Rxe4 Bxf5 32. Re7+ Rg7 33. Re8 Nf7 34. g4
Bc2 35. R1e3 Rg8 36. R8e7 Rf8 37. Ra7 a5 38. Rxa5 Kg8 39. Ra2 Bxb3 40. Rxb3 Re8
41. Kf2 Re4 42. Ra8+ Kg7 43. Kf3 Rxc4 44. Ra7 g5 45. fxg5 hxg5 46. Rb6 Rf4+ 47.
Kg3 Kf6 48. h4 Rd4 49. hxg5+ Nxg5 50. Rxd6+ Ke5 51. Rg6 Ne4+ 52. Kf3 Rd3+ 53.
Ke2 Rxd5 54. Ke3 Nf6 55. Rg5+ Ke6 56. Ra6+ Rd6 57. Rxd6+ Kxd6 58. Kf4 Nd5+ 59.
Ke4 Nb4 60. Rg6+ Ke7 61. Ke5 Kd7 62. Rd6+ Ke7 63. g5 c4 64. g6 Nd3+ 0-1

[Event "AUTO-ELITE-2610"]
[Site "http://www.queenalice.com/game.php?id=1869127"]
[Date "2026.2.11"]
[Round "1"]
[White "trompmaster"]
[Black "Jovanina1"]
[Result "1-0"]
[WhiteElo "2491"]
[BlackElo "2199"]

1. c4 g6 2. d4 Bg7 3. Nc3 d6 4. e4 Nc6 5. d5 Bxc3+ 6. bxc3 Ne5 7. f4 Nd7 8. Qd4
f6 9. Be2 Nh6 10. Nf3 Rg8 11. Qf2 Nf8 12. O-O Nf7 13. e5 dxe5 14. fxe5 Bg4 15.
e6 Nd6 16. c5 Bxf3 17. Qxf3 Nf5 18. Bb5+ Nd7 19. Bxd7+ Kf8 20. g4 Nh4 21. Bh6+
Rg7 22. Qd3 Kg8 23. g5 Nf5 24. Rxf5 gxf5 25. Bxg7 Kxg7 26. gxf6+ exf6 27. Kh1
Qf8 28. d6 cxd6 29. cxd6 Kh8 30. e7 Qf7 31. Qxf5 h6 32. Bc8 1-0

[Event "AUTO-ELITE-2610"]
[Site "http://www.queenalice.com/game.php?id=1869128"]
[Date "2026.2.11"]
[Round "1"]
[White "Jovanina1"]
[Black "trompmaster"]
[Result "0-1"]
[WhiteElo "2245"]
[BlackElo "2438"]

1. f3 d5 2. g3 e5 3. Nh3 Nc6 4. Nf2 Nf6 5. Bg2 Bc5 6. e3 d4 7. e4 h5 8. h4 a5 9.
d3 a4 10. a3 Qd6 11. O-O b5 12. Bd2 Bb6 13. Qe1 Nd7 14. f4 Ne7 15. Bh3 c5 16. f5
Ba6 17. Qd1 Bb7 18. Bg2 g6 19. fxg6 Qxg6 20. Nh1 O-O-O 21. Bh3 f6 22. b3 Kc7 23.
bxa4 bxa4 24. c4 Bc6 25. Ra2 Rdf8 26. Bf5 Nxf5 27. Rxf5 Kb7 28. Rb2 Ka6 29. Be1
Rb8 30. Nd2 Ba5 31. Rxb8 Nxb8 32. Rf2 Nd7 33. Nf1 Bc7 34. Rb2 f5 35. exf5 Qxf5
36. Nf2 Rf8 37. Nh2 Nf6 38. Qe2 Qg6 39. Nh3 e4 40. Ng5 Qe8 41. Bf2 e3 42. Be1
Nd7 43. Qd1 Ne5 44. Nh7 Rf5 45. Ng5 Ka7 46. Ne4 Nxd3 47. Qxd3 Bxe4 48. Qd1 Bc6
49. Qd3 Be4 50. Qd1 Bc6 51. Qc2 Qg6 52. Nf1 Rxf1+ 53. Kxf1 d3 54. Qh2 Be5 55.
Ra2 Qf5+ 56. Kg1 Bd4 57. Rg2 d2 0-1

[Event "AUTO-ELITE-2610"]
[Site "http://www.queenalice.com/game.php?id=1869135"]
[Date "2026.2.11"]
[Round "1"]
[White "Jovanina1"]
[Black "ichtus"]
[Result "0-1"]
[WhiteElo "2196"]
[BlackElo "2830"]

1. f3 e5 2. g3 d5 3. Nh3 Nc6 4. Nf2 Be6 5. Bg2 h5 6. h4 g5 7. d3 gxh4 8. Rxh4
Qf6 9. a3 Qg7 10. Nh1 Be7 11. Rh2 O-O-O 12. Be3 h4 13. g4 f5 14. Bh3 fxg4 15.
fxg4 Nf6 16. g5 Ng4 17. Bxg4 Bxg4 18. Rg2 Be6 19. Nf2 h3 20. Rg3 h2 21. Nh1 d4
22. Bf2 Bd5 23. Kd2 Bxg5+ 24. e3 dxe3+ 25. Bxe3 Bxe3+ 26. Kxe3 Qh6+ 27. Ke2 Nd4+
0-1

[Event "AUTO-MASTER-3298"]
[Site "http://www.queenalice.com/game.php?id=1870372"]
[Date "2026.3.12"]
[Round "1"]
[White "Jovanina1"]
[Black "Fauquinelle"]
[Result "1-0"]
[WhiteElo "2194"]
[BlackElo "2097"]

1. f3 d5 2. g3 e5 3. Nh3 Nc6 4. Nf2 Nf6 5. Bg2 Bf5 6. a3 Bc5 7. e3 d4 8. e4 Be6
9. d3 a5 10. Bg5 O-O 11. Qc1 Be7 12. Bxf6 Bxf6 13. O-O b5 14. c3 a4 15. Nh3 h6
16. Qd1 Na5 17. Rf2 c5 18. Bf1 Nb3 19. Ra2 Rc8 20. c4 bxc4 21. dxc4 Rb8 22. f4
Bc8 23. Nd2 Ba6 24. Nxb3 Rxb3 25. Rf3 Qb6 26. Rxb3 axb3 27. Ra1 exf4 28. Nxf4
Rd8 29. Nd5 Qb7 30. Nxf6+ gxf6 31. Qg4+ Kh8 32. Bd3 Rg8 33. Qh5 Kg7 34. Rf1 Bxc4
35. Bxc4 Rf8 36. Rf4 Qb6 37. Rg4+ 1-0

[Event "AUTO-MASTER-3298"]
[Site "http://www.queenalice.com/game.php?id=1870385"]
[Date "2026.3.12"]
[Round "1"]
[White "Capixaba789"]
[Black "Jovanina1"]
[Result "1/2-1/2"]
[WhiteElo "1804"]
[BlackElo "2196"]

1. d4 g6 2. e4 Bg7 3. c4 c6 4. Nc3 b6 5. f4 Na6 6. Nf3 Nc7 7. Bd3 Ba6 8. O-O Nh6
9. f5 Ng8 10. Bf4 d6 11. fxg6 hxg6 12. Ng5 f6 13. Nh3 Bc8 14. d5 c5 15. e5 dxe5
16. Bxg6+ Kf8 17. Bxe5 Bxh3 18. gxh3 Rxh3 19. d6 Nh6 20. dxc7 Qc8 21. Bg3 Rxg3+
22. hxg3 Qxc7 23. Qf3 Qc8 24. Rad1 Rb8 25. Rde1 Qh3 26. Bf5 Nxf5 27. Qxf5 Qxg3+
28. Kh1 Qh4+ 29. Kg1 Qg3+ 30. Kh1 Qh4+ 31. Kg1 Qg3+ 1/2-1/2

[Event "AUTO-MASTER-3298"]
[Site "http://www.queenalice.com/game.php?id=1870393"]
[Date "2026.3.12"]
[Round "1"]
[White "pomar"]
[Black "Jovanina1"]
[Result "0-1"]
[WhiteElo "1826"]
[BlackElo "2203"]

1. f3 h5 2. Kf2 e5 3. e3 b6 4. c4 Bb7 5. d4 Qh4+ 6. g3 Qe7 7. Nc3 g5 8. d5 Na6
9. Bh3 Nf6 10. e4 Bh6 11. Nge2 g4 12. Bg2 Qc5+ 13. Kf1 Qxc4 14. Bxh6 Rxh6 15.
Qb3 Qxb3 16. axb3 Nc5 17. Nc1 h4 18. gxh4 Rxh4 19. fxg4 Nxg4 20. Nb5 Kd8 21. h3
Ne3+ 22. Kf2 Nxg2 23. Kxg2 a6 24. Nc3 Ke7 25. N1e2 Nxe4 26. Ng3 Rg8 27. Rhe1
Rxg3+ 28. Kf1 Rf4+ 29. Ke2 Rf2+ 30. Kd1 Rd3+ 31. Kc1 Nxc3 32. bxc3 Rxc3+ 33. Kd1
f6 34. h4 Bxd5 35. Rg1 Rg2 36. Rh1 Bxb3+ 37. Ke1 Bg8 38. h5 a5 39. h6 Bh7 40.
Kf1 Rcc2 41. Rg1 Rxg1+ 42. Kxg1 d5 43. Ra3 Kf7 44. Rg3 Bg6 45. Rh3 Kg8 0-1

[Event "AUTO-MASTER-3260"]
[Site "http://www.queenalice.com/game.php?id=1871485"]
[Date "2026.4.5"]
[Round "2"]
[White "pizzaiolo72"]
[Black "Jovanina1"]
[Result "0-1"]
[WhiteElo "2089"]
[BlackElo "2185"]

1. e4 e6 2. d4 c5 3. Nf3 cxd4 4. Nxd4 Bc5 5. c3 Qf6 6. Be3 Bb6 7. Bc4 a6 8. O-O
Qd8 9. f4 Nc6 10. Qg4 Bxd4 11. Bxd4 Nxd4 12. cxd4 Qf6 13. e5 Qg6 14. Qe2 f6 15.
Nc3 f5 16. d5 b5 17. Bb3 Bb7 18. dxe6 dxe6 19. Nxb5 Ke7 20. Nc7 Rc8 21. Nxe6 Bc6
22. Qxa6 Qxg2# 0-1